000 nam a22 7a 4500
999 _c232535
_d232535
003 ASAB
005 20170220155247.0
008 170220b xxu||||| |||| 00| 0 eng d
040 _cASAB
082 _a576.5 SHU
245 _aGenetic Technology
_cR.N. Shukla
942 _2ddc
_cBK